Lakers Roster 2019-2020 - Statistics

General Stats
  • This quiz has been taken 632 times
  • The average score is 10 of 15
Answer Stats
# Name % Correct
23 LeBron James
100%
3 Anthony Davis
98%
0 Kyle Kuzma
83%
9 Rajon Rondo
83%
33 Dwight Howard
80%
7 JaVale McGee
75%
14 Danny Green
72%
1 Kentavious Caldwell-Pope
70%
4 Alex Caruso
69%
11 Avery Bradley
49%
2 Quin Cook
47%
10 Jared Dudley
43%
37 Kostas Antetokounmpo
41%
30 Troy Daniels
29%
15 DeMarcus Cousins
28%
No matching quizzes found
Score Distribution
Percent of People with Each Score
Percentile by Number Answered
Your Score History
You have not taken this quiz